Iraq (Record no. 767)

MARC details
000 -LEADER
fixed length control field 00569nam a2200241 a 4500
020 ## - INTERNATIONAL STANDARD BOOK NUMBER
ISBN
082 00 - DEWEY DECIMAL CLASSIFICATION NUMBER
Classification number 956.7
Author Cutter MAH
100 ## - MAIN ENTRY--AUTHOR NAME
Author name Mahmudul, Haqq
245 ## - TITLE STATEMENT
Title Iraq
260 ## - PUBLICATION, DISTRIBUTION, ETC. (IMPRINT)
Place of publication Aligarh
Name of publisher Idarah-E-Uloom Islamia
Year of publication 1964
300 ## - PHYSICAL DESCRIPTION
Number of Pages 258p
500 ## - GENERAL NOTE
General note includes index and biblioraphy
505 2# - FORMATTED CONTENTS NOTE
Formatted contents note Notes, Bibliography, Index
650 ## - SUBJECT ADDED ENTRY--TOPICAL TERM
Topical Term Iraq-History
942 ## - ADDED ENTRY ELEMENTS (KOHA)
Koha item type Books
700 1# -
-- Mahmudul, Haqq
Holdings
Collection code Home library Current library Date acquired Cost, normal purchase price Full call number Accession Number Koha item type
  Henry Martyn Institute Library Henry Martyn Institute Library 05/30/2007 100.00 956.7 MAH 03824 Books
                   Copyright © 2026 | Henry Martyn Institute | Hyderabad | TS-500052 | INDIA | Implemented by hmi.edu.in
Hit-Count:

Powered by Koha